| 000 | 00599nam1a22002051i 4500 | ||
|---|---|---|---|
| 001 | rc\3716289 | ||
| 005 | 20240726053342.0 | ||
| 035 | _a(NLR Aleph) 007771427 | ||
| 090 |
_a7471896 _c7471896 |
||
| 100 | _a20130115d1974 |||y0rusy50 ca | ||
| 101 | 0 | _arus | |
| 102 | _aRU | ||
| 105 | _ay z ||||| | ||
| 200 | 1 |
_aСпециалисты - животноводам _e[1-5] |
|
| 210 |
_aВоронеж _cЦентр.-Чернозем. кн. изд-во _d1974 |
||
| 215 |
_a5 бр. в бандероли _d16 |
||
| 801 | 0 |
_aRU _bNLR _gpsbo |
|
| 801 | 1 |
_aRU _bELAR _2rusmarc |
|
| 852 |
_aNLR _j74-2/1450 |
||
| 942 | _cBOOK | ||